| 000 | 00869nam a22001815i 4500 | ||
|---|---|---|---|
| 001 | 160859 | ||
| 003 | ES-MaACL | ||
| 005 | 20230906212136.0 | ||
| 008 | 000207s1880 sp a |||| | spa d | ||
| 040 |
_aCCPB | B _bspa _cCCPB | B |
||
| 245 | 0 | 0 | _aObres fetes en lahor de la seraphica senta Catherina [de] Sena en lo seu sagrat monestir de les monges de la insigne ciutat de Valencia per diuersos trobadors narrades lo dia de sent Miquel del any MDXI. |
| 260 |
_a[S.l. : _bs.n., _cs.a.] |
||
| 300 |
_a[20] h. : _bil. ; _c22 cm. |
||
| 595 | 1 | _aReproducción facsímil fotolitografiada de la original de "Valencia : Joan Jofre, 1511", por Sancho Rayón. | |
| 596 | 1 | _aVictor Infantes, nº III, en sus "Cuadernos de Bibliofilia" lo data al igual Palau, nº 198055 ca. 1880. | |
| 599 | 1 | _aLas ilustraciones son xilográficas. | |
| 852 |
_aES-MaACL _jG-15225 _z-- Rúst. |
||
| 999 |
_c160859 _d160859 |
||